[Event "Joao Pessoa Fischer Memorial 7th"]
[Site "Joao Pessoa"]
[Date "2016.03.13"]
[Round "6"]
[White "Galindo, Tome H Brasil"]
[Black "Azevedo, Eduardo Jose E"]
[Result "1/2-1/2"]
[WhiteElo "2057"]
[BlackElo "1835"]
[PlyCount "52"]
[EventDate "2016.03.11"]
[EventType "swiss"]
[EventRounds "6"]
[EventCountry "BRA"]
[SourceTitle "CBM 171 Extra"]
[Source "ChessBase"]
[SourceDate "2016.04.26"]
[SourceVersion "1"]
[SourceVersionDate "2016.04.26"]
[SourceQuality "1"]

1. d4 d5 2. c4 Nc6 3. e3 e5 4. dxe5 d4 5. a3 a5 6. Nf3 Bg4 7. h3 Bxf3 8. Qxf3 Nge7 9. Qe4 Ng6 10. e6 fxe6 11. Qxe6+ Qe7 12. Qxe7+ Bxe7 13. Be2 0-0 14. 0-0 Nge5 15. f4 d3 16. Bf3 Nxf3+ 17. Rxf3 Bf6 18. Ra2 Rad8 19. Bd2 Rfe8 20. b3 h6 21. Nc3 Bxc3 22. Bxc3 Nb8 23. Bxa5 Na6 24. Bd2 Nc5 25. b4 Ne4 26. Kf1 Ra8 1/2-1/2

[Event "Joao Pessoa Fischer Memorial 7th"]
[Site "Joao Pessoa"]
[Date "2016.03.13"]
[Round "5"]
[White "Passos Coutinho, Eduardo"]
[Black "Galindo, Tome H Brasil"]
[Result "1/2-1/2"]
[WhiteElo "1779"]
[BlackElo "2057"]
[PlyCount "115"]
[EventDate "2016.03.11"]
[EventType "swiss"]
[EventRounds "6"]
[EventCountry "BRA"]
[SourceTitle "CBM 171 Extra"]
[Source "ChessBase"]
[SourceDate "2016.04.26"]
[SourceVersion "1"]
[SourceVersionDate "2016.04.26"]
[SourceQuality "1"]

1. e4 c5 2. b3 Nc6 3. Bb2 d6 4. Bb5 Bd7 5. f4 e6 6. Nf3 Nf6 7. d3 Be7 8. Nbd2 a6 9. Bxc6 Bxc6 10. 0-0 0-0 11. a4 b5 12. axb5 axb5 13. Qe2 Qc7 14. Kh1 Qb7 15. Qf2 Rxa1 16. Rxa1 Ra8 17. Qe1 d5 18. Ne5 dxe4 19. Nxc6 Qxc6 20. Nxe4 Nd5 21. Qg3 Bf8 22. Nf6+ Nxf6 23. Bxf6 Rxa1+ 24. Bxa1 c4 25. dxc4 bxc4 26. Qc3 Qe4 27. bxc4 Qxf4 28. Qe1 Qxc4 29. Qd1 f6 30. h3 e5 31. Kh2 e4 32. Bd4 Bd6+ 33. g3 Qd5 34. c3 Qa2+ 35. Kh1 Bxg3 36. Qg1 Bd6 37. Bxf6 Qf7 38. Bd4 Qf3+ 39. Qg2 Qxg2+ 40. Kxg2 g6 41. Kf2 Bf4 42. c4 Kf7 43. c5 Ke6 44. Bg7 Kd5 45. Bf8 Be5 46. Ke3 Bd4+ 47. Kf4 Bxc5 48. Bxc5 Kxc5 49. Kxe4 Kd6 50. Kf4 h6 51. h4 Kd5 52. Ke3 Ke5 53. Kf3 Kf5 54. Kg3 Ke4 55. Kg4 Ke5 56. Kf3 h5 57. Ke3 Ke6 58. Ke4 1/2-1/2

[Event "Recife Arraes Memorial 8th"]
[Site "Recife"]
[Date "2015.05.02"]
[Round "4"]
[White "Dantas, Francisco"]
[Black "Galindo, Tome H Brasil"]
[Result "1-0"]
[WhiteElo "1947"]
[BlackElo "2074"]
[PlyCount "58"]
[EventDate "2015.05.01"]
[EventType "swiss"]
[EventRounds "6"]
[EventCountry "BRA"]
[SourceTitle "EXT 2018"]
[Source "ChessBase"]
[SourceDate "2017.10.13"]
[SourceVersion "1"]
[SourceVersionDate "2017.10.13"]
[SourceQuality "1"]

1. d4 d5 2. c4 e6 3. Nc3 Nf6 4. cxd5 exd5 5. Bg5 Be7 6. e3 0-0 7. Bd3 c6 8. h3 Ne4 9. Bxe7 Qxe7 10. Qc2 f5 11. Nf3 Nd7 12. 0-0 g5 13. Nd2 Ndf6 14. Bxe4 fxe4 15. Ne2 h5 16. Qc5 Qe6 17. Rac1 Ne8 18. Qc3 Nd6 19. a3 Nf5 20. Qb4 Nh4 21. Kh1 Rf6 22. Ng3 Qf7 23. Kg1 a6 24. Qa4 Bd7 25. Qa5 Bc8 26. Qa4 Bd7 27. Qd1 g4 28. hxg4 Rf8 29. Qe2 Be6 1-0

[Event "Recife Arraes Memorial 8th"]
[Site "Recife"]
[Date "2015.05.01"]
[Round "2"]
[White "Camara, Jose Arruda"]
[Black "Galindo, Tome H Brasil"]
[Result "1-0"]
[WhiteElo "1865"]
[BlackElo "2074"]
[PlyCount "21"]
[EventDate "2015.05.01"]
[EventType "swiss"]
[EventRounds "6"]
[EventCountry "BRA"]
[SourceTitle "EXT 2016"]
[Source "ChessBase"]
[SourceDate "2015.10.08"]
[SourceVersion "1"]
[SourceVersionDate "2015.10.08"]
[SourceQuality "1"]

1. e4 c5 2. Nf3 d6 3. Bb5+ Bd7 4. Bxd7+ Nxd7 5. 0-0 Ngf6 6. Nc3 e6 7. d4 cxd4 8. Nxd4 a6 9. Be3 Be7 10. f4 0-0 11. Nb3 1-0

[Event "Recife Pernambuco-ch"]
[Site "Recife"]
[Date "2014.12.08"]
[Round "5"]
[White "Cilento, Lucas Geraldo"]
[Black "Galindo, Tome H Brasil"]
[Result "0-1"]
[WhiteElo "1893"]
[BlackElo "2059"]
[PlyCount "92"]
[EventDate "2014.12.05"]
[EventType "tourn"]
[EventRounds "9"]
[EventCountry "BRA"]
[SourceTitle "EXT 2016"]
[Source "ChessBase"]
[SourceDate "2015.10.08"]
[SourceVersion "1"]
[SourceVersionDate "2015.10.08"]
[SourceQuality "1"]

1. e4 e5 2. Nf3 Nc6 3. Bb5 a6 4. Ba4 Nf6 5. 0-0 b5 6. Bb3 Be7 7. Re1 0-0 8. c3 Bb7 9. d4 d6 10. Nbd2 Nd7 11. Nf1 Na5 12. Bc2 Bf6 13. Ng3 g6 14. Bh6 Re8 15. a4 c5 16. d5 c4 17. axb5 axb5 18. h3 Nc5 19. Nd2 Bg5 20. Bxg5 Qxg5 21. Qe2 Qd8 22. Ngf1 Qb6 23. Ne3 Bc8 24. Ra3 Re7 25. Nexc4 bxc4 26. Nxc4 Qb8 27. Rxa5 Rxa5 28. Nxa5 Qxb2 29. Nc6 Rb7 30. Rb1 Qxc3 31. Rxb7 Bxb7 32. Qd1 Ba6 33. Qb1 Kg7 34. Kh2 Qd2 35. Kg1 Bd3 36. Bxd3 Nxd3 37. Qf1 f5 38. f3 fxe4 39. fxe4 Qe3+ 40. Kh2 Qxe4 41. Qf3 Qxf3 42. gxf3 Nf4 43. Nb4 Kf6 44. Kg3 Kf5 45. h4 h6 46. Kf2 e4 0-1

[Event "Recife Pernambuco-ch"]
[Site "Recife"]
[Date "2014.12.08"]
[Round "6"]
[White "Galindo, Tome H Brasil"]
[Black "Alves Campelo, Danilo Cesar De"]
[Result "1-0"]
[WhiteElo "2059"]
[BlackElo "2017"]
[PlyCount "93"]
[EventDate "2014.12.05"]
[EventType "tourn"]
[EventRounds "9"]
[EventCountry "BRA"]
[SourceTitle "EXT 2016"]
[Source "ChessBase"]
[SourceDate "2015.10.08"]
[SourceVersion "1"]
[SourceVersionDate "2015.10.08"]
[SourceQuality "1"]

1. d4 Nf6 2. Nf3 g6 3. g3 Bg7 4. Bg2 0-0 5. 0-0 d5 6. Nbd2 Nc6 7. e3 Bg4 8. h3 Bd7 9. c4 dxc4 10. Nxc4 Be6 11. b3 Bd5 12. Bb2 Nd7 13. Rc1 Re8 14. Qe2 e5 15. dxe5 Ndxe5 16. Nfxe5 Nxe5 17. Nxe5 Bxg2 18. Kxg2 Bxe5 19. Rfd1 Qf6 20. Bxe5 Qxe5 21. Qf3 c6 22. Rd7 Re7 23. Rcd1 Rae8 24. R7d4 Re6 25. Rf4 R8e7 26. Rd8+ Kg7 27. Ra8 Qb2 28. Rxa7 Rxe3 29. Rxf7+ Rxf7 30. Qxe3 Qf6 31. Ra4 c5 32. Re4 Qc6 33. f3 Qf6 34. Re5 Rd7 35. h4 b6 36. Kh3 Rf7 37. Kg2 Rd7 38. h5 gxh5 39. Rxh5 Re7 40. Qd3 h6 41. Rh4 Kh8 42. Rxh6+ Qxh6 43. Qd8+ Kh7 44. Qxe7+ Kh8 45. Qh4 Qxh4 46. gxh4 Kg7 47. a4 1-0

[Event "Recife Pernambuco-ch"]
[Site "Recife"]
[Date "2014.12.06"]
[Round "3"]
[White "Bouwman, Marcelo Wanderley"]
[Black "Galindo, Tome H Brasil"]
[Result "1-0"]
[WhiteElo "2216"]
[BlackElo "2059"]
[PlyCount "91"]
[EventDate "2014.12.05"]
[EventType "tourn"]
[EventRounds "9"]
[EventCountry "BRA"]
[SourceTitle "EXT 2016"]
[Source "ChessBase"]
[SourceDate "2015.10.08"]
[SourceVersion "1"]
[SourceVersionDate "2015.10.08"]
[SourceQuality "1"]

1. e4 c5 2. Nf3 d6 3. d4 cxd4 4. Nxd4 Nf6 5. Nc3 e6 6. Be2 Be7 7. 0-0 0-0 8. Be3 Nc6 9. f4 Bd7 10. Kh1 a6 11. Qe1 b5 12. a3 Nxd4 13. Bxd4 Bc6 14. Qg3 Re8 15. Bf3 Qc7 16. e5 dxe5 17. Bxe5 Qb7 18. f5 exf5 19. Bxc6 Qxc6 20. Rxf5 Bd8 21. Raf1 Re6 22. Ne2 Qe4 23. Nd4 Rb6 24. c3 Qg4 25. Qe1 Qe4 26. Qg3 Qg4 27. Qf2 Ne4 28. Qe1 Rg6 29. g3 Bg5 30. Bf4 Re8 31. Bxg5 Rxg5 32. R1f4 Rxf5 33. Nxf5 Qh5 34. Nd4 Qd5 35. Kg1 g6 36. Qd1 Ng5 37. Qf1 Re3 38. Qg2 Ne4 39. Rf1 Rd3 40. g4 Rd2 41. Qf3 Rxb2 42. Re1 Nxc3 43. Re8+ Kg7 44. Nf5+ gxf5 45. Qxc3+ Kh6 46. Qf6# 1-0

[Event "Recife Pernambuco op"]
[Site "Recife"]
[Date "2014.11.23"]
[Round "4"]
[White "Alves Campelo, Danilo Cesar De"]
[Black "Galindo, Tome H Brasil"]
[Result "1/2-1/2"]
[WhiteElo "1973"]
[BlackElo "2053"]
[PlyCount "57"]
[EventDate "2014.11.21"]
[EventType "swiss"]
[EventRounds "5"]
[EventCountry "BRA"]
[SourceTitle "CBM 163 Extra"]
[Source "ChessBase"]
[SourceDate "2014.12.23"]
[SourceVersion "1"]
[SourceVersionDate "2014.12.23"]
[SourceQuality "1"]

1. e4 c5 2. Nf3 d6 3. d4 cxd4 4. Nxd4 e6 5. Nc3 a6 6. Be2 Nf6 7. 0-0 Be7 8. Kh1 0-0 9. a4 Nc6 10. f4 Bd7 11. Bf3 Qc7 12. Nb3 Nb4 13. e5 dxe5 14. fxe5 Qxe5 15. Bxb7 Rad8 16. Bf4 Qh5 17. Bc7 Qg6 18. Bxd8 Rxd8 19. Qf3 Qxc2 20. Nd4 Qxb2 21. Rfb1 Qd2 22. Rd1 Qh6 23. Nc6 Bxc6 24. Rxd8+ Bxd8 25. Bxc6 Bc7 26. h3 Qg5 27. Rf1 Qe5 28. Kg1 Bb6+ 29. Kh1 1/2-1/2

[Event "Recife Regiao op"]
[Site "Recife"]
[Date "2014.11.02"]
[Round "7"]
[White "Galindo, Tome H Brasil"]
[Black "Lemos, Dawton Almino"]
[Result "0-1"]
[WhiteElo "2053"]
[BlackElo "2094"]
[PlyCount "68"]
[EventDate "2014.10.30"]
[EventType "swiss"]
[EventRounds "7"]
[EventCountry "BRA"]
[SourceTitle "EXT 2015"]
[Source "ChessBase"]
[SourceDate "2014.11.20"]
[SourceVersion "1"]
[SourceVersionDate "2014.11.20"]
[SourceQuality "1"]

1. d4 Nf6 2. Nf3 g6 3. c4 Bg7 4. Nc3 0-0 5. e4 d6 6. Be2 e5 7. d5 a5 8. 0-0 Na6 9. h3 Nc5 10. Qc2 Nh5 11. Bg5 f6 12. Be3 f5 13. Bg5 Nf6 14. Nd2 f4 15. a3 a4 16. Nb5 Rf7 17. b4 axb3 18. Nxb3 Nxb3 19. Qxb3 b6 20. Bxf6 Qxf6 21. Bf3 Qg5 22. Kh2 Qh4 23. Qd1 h5 24. Ra2 Bf8 25. a4 Rg7 26. Qe2 g5 27. Bxh5 g4 28. Be8 gxh3 29. g3 fxg3+ 30. fxg3 Qxg3+ 31. Kh1 Bg4 32. Qf2 Qxf2 33. Raxf2 Rxe8 34. Na7 Bd7 0-1

[Event "Recife Arraes Memorial 6th"]
[Site "Recife"]
[Date "2013.06.08"]
[Round "4"]
[White "Baltar, Petrov Ferreira"]
[Black "Galindo, Tome H Brasil"]
[Result "0-1"]
[WhiteElo "1821"]
[BlackElo "2108"]
[PlyCount "60"]
[EventDate "2013.06.06"]
[EventType "swiss"]
[EventRounds "7"]
[EventCountry "BRA"]
[SourceTitle "EXT 2014"]
[Source "ChessBase"]
[SourceDate "2013.11.20"]
[SourceVersion "1"]
[SourceVersionDate "2013.11.20"]
[SourceQuality "1"]

1. d4 Nf6 2. c4 e6 3. Nf3 Bb4+ 4. Bd2 Bxd2+ 5. Nfxd2 Nc6 6. e3 d5 7. Nc3 0-0 8. Be2 e5 9. 0-0 exd4 10. exd4 Nxd4 11. Bd3 Bg4 12. f3 Bf5 13. Nb3 dxc4 14. Bxc4 Nc2 15. Qxd8 Raxd8 16. Rad1 Ne3 17. Rxd8 Rxd8 18. Be2 Nxf1 19. Kxf1 Nd5 20. Ne4 Bxe4 21. fxe4 Ne3+ 22. Kf2 Nc2 23. a3 Nd4 24. Nxd4 Rxd4 25. Ke3 c5 26. b3 f6 27. g4 Kf7 28. h3 Ke6 29. a4 Ke5 30. Bd3 b6 0-1